000 00314 a2200109 4500
001 ART_41787
005 20260410161814.0
008 260409a
245 1 0 _aLa Academia Jurídica según Owen Fiss
100 1 _aSaba, Roberto
773 0 _tAcademia
_g- Año 12, Nº 24 (jul./dic. 2014)
_wREV4314
999 _c21706
_d21706